Middle East in the Contemporary World 2008 : proccedings of the 3rd International Conference on Middle East : Plzeň, 3 April 2008 /

Corporate Author: Západočeská univerzita. Centrum blízkovýchodních studií
Other Authors: Middle East in the Contemporary World 2008, Bouchal, Martin, Křížek, Daniel, Schmergl, Zdeněk
Language: English
Czech
Published: Plzeň : Adela, c2008
Subjects:
Online Access: Digitalizovaný dokument
Physical Description: 186 s. : il. ; 21 cm
Language note: Část. český text
Book
Saved in:
LEADER 03072nam a2200673 a 4500
001 nkc20091851326
003 CZ PrNK
005 20101105104414.0
007 ta
008 090204s2008 xr a f 100 0 eng
015 |a cnb001851326 
020 |a 978-80-87094-10-5  |q (brož.) 
035 |a (OCoLC)320408455 
040 |a ABA001  |b cze  |d BOA001 
041 0 |a eng  |a cze 
043 |a aw----- 
045 |a y-y- 
072 7 |a 327  |x Mezinárodní vztahy, světová politika  |2 Konspekt  |9 15 
080 |a 32:911.3  |2 MRF 
080 |a 327  |2 MRF 
080 |a 28-67  |2 MRF 
080 |a 328/329  |2 MRF 
080 |a 323  |2 MRF 
080 |a 2-6+316.72/.75  |2 MRF 
080 |a (5-15)  |2 MRF 
080 |a (062.534)  |2 MRF 
111 2 |a Middle East in the Contemporary World 2008  |c (Plzeň, Česko)  |7 kn20090213026 
245 1 0 |a Middle East in the Contemporary World 2008 :  |b proccedings of the 3rd International Conference on Middle East : Plzeň, 3 April 2008 /  |c editors Martin Bouchal, Daniel Křížek, Zdeněk Schmergl 
260 |a Plzeň :  |b Adela,  |c c2008 
300 |a 186 s. :  |b il. ;  |c 21 cm 
500 |a Pod názvem: Centre of Middle East Studies, Department of Anthropological and Historical Sciences, Faculty of Philosophy and Arts, University of West Bohemia in Plzeň, Czech Republic 
504 |a Obsahuje bibliografie a bibliografické odkazy 
546 |a Část. český text 
648 7 |a 21. století  |7 ch460559  |2 czenas 
650 0 7 |a geopolitika  |7 ph120543  |z Blízký východ  |y 21. století  |2 czenas 
650 0 7 |a Východ a Západ  |7 ph136833  |y 21. století  |2 czenas 
650 0 9 |a geopolitics  |z Middle East  |y 21st century  |2 eczenas 
650 0 9 |a East and West  |y 21st century  |2 eczenas 
651 7 |a Blízký východ  |7 ge128412  |x politika a vláda  |y 21. století  |2 czenas 
651 7 |a Blízký východ  |7 ge128412  |x společnost a politika  |y 21. století  |2 czenas 
651 7 |a Blízký východ  |7 ge128412  |x náboženské a kulturní poměry  |y 21. století  |2 czenas 
651 7 |a Blízký východ  |7 ge128412  |x zahraniční vztahy  |y 21. století  |2 czenas 
651 9 |a Middle East  |x politics and government  |y 21st century  |2 eczenas 
651 9 |a Middle East  |x society and politics  |y 21st century  |2 eczenas 
651 9 |a Middle East  |x religious and cultural conditions  |y 21st century  |2 eczenas 
651 9 |a Middle East  |x foreign relations  |y 21st century  |2 eczenas 
655 7 |a sborníky konferencí  |7 fd133333  |2 czenas 
655 9 |a proceedings of conferences  |2 eczenas 
700 1 |a Bouchal, Martin  |7 mzk2009491950  |4 edt 
700 1 |a Křížek, Daniel  |7 mzk2009491951  |4 edt 
700 1 |a Schmergl, Zdeněk  |7 mzk2009491952  |4 edt 
710 2 |a Západočeská univerzita.  |b Centrum blízkovýchodních studií  |7 kn20090204035 
856 4 1 |u http://www.digitalniknihovna.cz/mzk/uuid/uuid:5c4d1650-9eb2-11e3-8e84-005056827e51  |y Digitalizovaný dokument  |x NDK 
910 2 |a BOA001  |b 2-1216.877 
928 9 |a Adéla 
990 |a BK 
995 |a 01 
991 |b 200902  |c NOV 
996 6 |b 2610367023  |c 2-1216.877  |l MZK  |r Sklad / do 1 hodiny  |n 4  |p p.v.  |w 000927792  |u 000010  |a 1  |e BOA001  |j MZK50  |s P